Rural libraries in north east India: a machine readable database (Record no. 19626)

MARC details
000 -LEADER
fixed length control field 00429nam a2200133Ia 4500
082 ## - DEWEY DECIMAL CLASSIFICATION NUMBER
Classification number RL.0032
100 ## - MAIN ENTRY--AUTHOR NAME
Personal name Lahkar, Narendra
245 #0 - TITLE STATEMENT
Title Rural libraries in north east India: a machine readable database
260 ## - PUBLICATION, DISTRIBUTION, ETC. (IMPRINT)
Place of publication Guwahati
Name of publisher Indian Council of Social Science Research
Year of publication 2007
300 ## - PHYSICAL DESCRIPTION
Number of Pages xxx, 326
650 ## - SUBJECT ADDED ENTRY--TOPICAL TERM
Topical Term Rural libraries
Geographic subdivision India, North East
650 ## - SUBJECT ADDED ENTRY--TOPICAL TERM
Topical Term Libraries
Geographic subdivision India, North East
Form subdivision Data processing
942 ## - ADDED ENTRY ELEMENTS (KOHA)
Koha item type Research Reports
Source of classification or shelving scheme Dewey Decimal Classification
Holdings
Withdrawn status Lost status Damaged status Not for loan Collection code Home library Current library Date acquired Bill Date Full call number Accession Number Price effective from Koha item type
      Not For Loan ICSSR Research Project Reports NASSDOC Library NASSDOC Library 31/12/1899 2006-03-06 RL.0032 43971 18/04/2019 Research Reports